| 000 | 00698cab a2200205 4500 | ||
|---|---|---|---|
| 001 | WB2944-49 | ||
| 008 | 090401t1993 xxu||||| |||| 00| 0 eng d | ||
| 035 | _a(Sirsi) u76860 | ||
| 041 | _aeng | ||
| 245 | _aCornerstone returns to the commercial sector | ||
| 260 | _c1993 | ||
| 350 | _a0 | ||
| 490 |
_aEstates Times _v(1214) 26 November 1993, 4(1) |
||
| 520 | _aCornerstone, the estate agency chain recently sold to independent owners by Abbey National building society, has set up a commercial division based in Hampshire. | ||
| 650 | _aCOMMERCIAL AGENCY | ||
| 650 | _aESTATE AGENCY | ||
| 690 | _aMANAGEMENT-BUSINESS MANAGEMENT-PROFESSIONAL PRACTICE | ||
| 942 | _n0 | ||
| 948 | _c04/03/1997 | ||
| 999 |
_c48288 _d48288 |
||